00431pab a2200157 454500008004000000100002300040245006300063260000900126300001400135362001100149650003500160650002200195650001400217700002200231773002000253180718b2004 xxu||||| |||| 00| 0 eng d aKumar, C. Rajendra aImpact of information technology: rural marketing in India c2004 ap.147-50. a30 Aug aInformation technology - India aMarketing - India aMarketing aKaptan, Sanjay S. aUniversity News